000 00522cam a2200145 4500500
005 20251228090924.0
041 _afre
042 _adc
100 1 0 _aFaguer, Nicolas
_eauthor
245 0 0 _aNote sur À la première personne, d’Alain Finkielkraut (2019)
260 _c2020.
500 _a6
786 0 _nBulletin de l’Amitié Charles Péguy | 169 | 1 | 2020-04-28 | p. 95a-95 | 0180-8567
856 4 1 _uhttps://shs.cairn.info/revue-bulletin-de-lamitie-charles-peguy-2020-1-page-95a?lang=fr&redirect-ssocas=7080
999 _c1602877
_d1602877